Fisicoquímica

Gespeichert in:
Bibliographische Detailangaben
1. Verfasser: Levine, Ira N (VerfasserIn)
Format: Buch
Sprache:Spanisch
Veröffentlicht: Madrid McGraw-Hill 1996
Ausgabe:4a. ed
Schlagworte:
Tags: Tag hinzufügen
Keine Tags, Fügen Sie den ersten Tag hinzu!

MARC

LEADER 00000nam a2200000 a 4500
001 UCT1626
003 CL-VaPUC
008 961001e19960000SP |||||||||||||||||spa|d
020 |a 8448106164v.1 
020 |a 8448106172v.2 
020 |a 8448106180 
082 0 4 |a 539  |b LEV  |2 21 
100 |a Levine, Ira N  |e author  |9 594201 
245 1 0 |a Fisicoquímica 
250 |a 4a. ed 
300 |a v 
942 |c BK 
945 |d 19961001 00:00:00  |a rbrito 
260 |a Madrid  |b McGraw-Hill  |c 1996 
650 0 |a Termodinámica   |9 259320 
650 0 |a Química  |9 259896 
650 0 |a Mecánica clásica  |9 368211 
650 0 |a Entropía  |9 262675 
650 0 |a Gases  |9 260945 
650 7 |a DISOLUCION  |2 CL-VaPUC  |9 346049 
650 0 |a Equilibrio químico   |9 259943 
650 0 |a Fisicoquímica  |9 259585 
583 |a last modification  |c 20171031 11:00:12  |k Rodrigo Vera 
999 |c 252095  |d 252093 
952 |0 0  |1 0  |4 0  |6 539_000000000000000_LEV_1996  |7 0  |8 A  |9 271750  |a BIBING  |b BIBING  |d 2019-11-19  |h v.1  |i 3779408  |o 539 LEV 1996  |p 3779408  |r 2025-01-20  |w 2019-11-19  |y BK  |k EIQ 
952 |0 0  |1 0  |4 0  |6 539_000000000000000_LEV_1996  |7 0  |8 A  |9 271751  |a BIBING  |b BIBING  |d 2019-11-19  |h v.2  |i 3779416  |l 1  |o 539 LEV 1996  |p 3779416  |r 2025-01-20  |s 2023-07-03  |w 2019-11-19  |y BK  |k EIQ 
952 |0 0  |1 0  |4 0  |6 539_000000000000000_LEV_1996  |7 0  |8 A  |9 271752  |a BIBING  |b BIBING  |d 2019-11-19  |h v.1  |i 3955702  |o 539 LEV 1996  |p 3955702  |r 2025-01-20  |w 2019-11-19  |y BK  |k EIQ 
952 |0 0  |1 0  |4 0  |6 539_000000000000000_LEV_1996  |7 0  |8 A  |9 271753  |a BIBING  |b BIBING  |d 2019-11-19  |h v.2  |i 3955710  |o 539 LEV 1996  |p 3955710  |r 2025-01-20  |w 2019-11-19  |y BK  |k EIQ